| 000 | 00510nam a2200181Ia 4500 | ||
|---|---|---|---|
| 999 |
_c21744 _d21744 |
||
| 003 | OSt | ||
| 005 | 20200629144829.0 | ||
| 008 | 190216s9999||||xx |||||||||||||| ||und|| | ||
| 020 | _a9789350847428 | ||
| 040 | _coclc | ||
| 082 |
_a934 _bSIN/C |
||
| 100 |
_aSingh, Amar Kant _92845 |
||
| 245 | 0 |
_aCultural History Of Ancient India / _cAmar Kant Singh |
|
| 260 |
_bCentrum Press, _c2015. _aNew Delhi: |
||
| 300 | _a272p | ||
| 650 | _aHistory | ||
| 942 |
_cBK _2ddc _h934 _iSIN/C _k934 _mSIN/C |
||